The United Kingdom's Experience with Inflation Targeting.

This paper reviews the first five years' experience with inflation targeting in the United Kingdom. It concludes that inflation performance was not significantly different under inflation targeting than predicted by a VAR model estimated in the period prior to participation in the exchange rate...

Mô tả đầy đủ

Chi tiết về thư mục
Tác giả của công ty: International Monetary Fund
Định dạng: Tạp chí
Ngôn ngữ:English
Được phát hành: Washington, D.C. : International Monetary Fund, 1998.
Loạt:IMF Working Papers; Working Paper ; No. 1998/087
Truy cập trực tuyến:Full text available on IMF
LEADER 01545cas a2200241 a 4500
001 AALejournalIMF007505
008 230101c9999 xx r poo 0 0eng d
020 |c 5.00 USD 
020 |z 9781451850994 
022 |a 1018-5941 
040 |a BD-DhAAL  |c BD-DhAAL 
110 2 |a International Monetary Fund. 
245 1 4 |a The United Kingdom's Experience with Inflation Targeting. 
264 1 |a Washington, D.C. :  |b International Monetary Fund,  |c 1998. 
300 |a 1 online resource (29 pages) 
490 1 |a IMF Working Papers 
500 |a <strong>Off-Campus Access:</strong> No User ID or Password Required 
500 |a <strong>On-Campus Access:</strong> No User ID or Password Required 
506 |a Electronic access restricted to authorized BRAC University faculty, staff and students 
520 3 |a This paper reviews the first five years' experience with inflation targeting in the United Kingdom. It concludes that inflation performance was not significantly different under inflation targeting than predicted by a VAR model estimated in the period prior to participation in the exchange rate mechanism (ERM). Both short- and long-term interest rates were lower than predicted, however, which is consistent with the interpretation that some gains in credibility were achieved under the inflation targeting regime. 
538 |a Mode of access: Internet 
830 0 |a IMF Working Papers; Working Paper ;  |v No. 1998/087 
856 4 0 |z Full text available on IMF  |u http://elibrary.imf.org/view/journals/001/1998/087/001.1998.issue-087-en.xml  |z IMF e-Library